| Tag |
First Indicator |
Second Indicator |
Subfields |
| LEADER |
00000cam a2200000 a 4500 |
| 001 |
in00000937021 |
| 005 |
20160209144134.0 |
| 008 |
860313s1986 sz b 00110 eng d |
| 020 |
|
|
|a 3805542623
|
| 035 |
|
|
|a (OCoLC)13357828
|
| 035 |
|
|
|9 AER3947AM
|
| 040 |
|
|
|a NLM
|c NLM
|d m/c
|d TXA
|d UtOrBLW
|
| 049 |
|
|
|a TXAM
|c [A13401466]
|
| 050 |
|
4 |
|a BF713
|b .C36 1986
|
| 060 |
0 |
0 |
|a W1
|b CO778S v.16 1986
|a [BF 713 C189k 1986]
|
| 100 |
1 |
|
|a Campbell, Robert L.,
|d 1953-
|
| 245 |
1 |
0 |
|a Knowing levels and developmental stages /
|c Robert L. Campbell, Mark H. Bickhard.
|
| 264 |
|
1 |
|a Basel ; New York :
|b Karger,
|c 1986.
|
| 300 |
|
|
|a xii, 148 pages
|
| 336 |
|
|
|a text
|b txt
|2 rdacontent
|
| 337 |
|
|
|a unmediated
|b n
|2 rdamedia
|
| 338 |
|
|
|a volume
|b nc
|2 rdacarrier
|
| 490 |
1 |
|
|a Contributions to Human development ;
|v vol. 16
|
| 500 |
|
|
|a Includes indexes.
|
| 504 |
|
|
|a Bibliography: pages [133]-141.
|
| 650 |
|
2 |
|a Human Development.
|
| 650 |
|
2 |
|a Models, Psychological.
|
| 650 |
|
0 |
|a Developmental psychology.
|
| 650 |
|
0 |
|a Cognition.
|
| 700 |
1 |
|
|a Bickhard, Mark H.
|
| 830 |
|
0 |
|a Contributions to human development ;
|v v. 16.
|
| 999 |
|
|
|a MARS
|
| 999 |
f |
f |
|s 6f290be5-056c-3fab-a7e8-077255191dc4
|i 3284b15e-9a58-3e41-abfb-a7c7c8b51bf6
|t 0
|
| 952 |
f |
f |
|p ric
|a Texas A&M University
|b Rellis Campus
|c Joint Library Facility
|d Remote Storage
|t 0
|e BF713 .C36 1986
|h Library of Congress classification
|i unmediated -- volume
|m A14813401466
|
| 998 |
f |
f |
|a BF713 .C36 1986
|t 0
|l Remote Storage
|